| 000 | 00309nam a2200097Ia 4500 | ||
|---|---|---|---|
| 008 | 220204s9999 xx 000 0 und d | ||
| 082 |
_a339.5(540) _bIND |
||
| 245 | 0 | _aIndia's trade agreements with other countries: As in force on Jan 1, 1962 | |
| 260 |
_aNew Delhi _bDirector of Commercial Publicity |
||
| 942 | _cBK | ||
| 999 |
_c20004 _d20004 |
||